LIBRARY & INFORMATION CENTRE, KCAET, TAVANUR

ONLINE PUBLIC ACCESS CATALOGUE (OPAC)

Courseware on Verbal Ability & Reading Comprehension for CAT: | Common Admission Test & Other Management Examination (Record no. 19520)

MARC details
000 -LEADER
fixed length control field 00552nam a22001817a 4500
003 - CONTROL NUMBER IDENTIFIER
control field OSt
008 - FIXED-LENGTH DATA ELEMENTS--GENERAL INFORMATION
fixed length control field 250916b |||||||| |||| 00| 0 eng d
020 ## - INTERNATIONAL STANDARD BOOK NUMBER
ISBN 9 789364 449366
041 ## - LANGUAGE CODE
Language code of text/sound track or separate title eng
082 ## - DEWEY DECIMAL CLASSIFICATION NUMBER
Classification number 658.0076
Item number SHA/CO
100 ## - MAIN ENTRY--AUTHOR NAME
Personal name Sharma, Arun
245 ## - TITLE STATEMENT
Title Courseware on Verbal Ability & Reading Comprehension for CAT:
Remainder of title Common Admission Test & Other Management Examination
250 ## - EDITION STATEMENT
Edition statement 1st Reprint
260 ## - PUBLICATION, DISTRIBUTION, ETC. (IMPRINT)
Place of publication Chennai:
Name of publisher McGraw Hill Education Pvt Ltd,
Year of publication 2025.
300 ## - PHYSICAL DESCRIPTION
Number of Pages 818p.
700 ## - ADDED ENTRY--PERSONAL NAME
Personal name Upadhyay, Meenakshi
942 ## - ADDED ENTRY ELEMENTS (KOHA)
Koha item type Books
Holdings
Withdrawn status Lost status Damaged status Home library Current library Shelving location Date acquired Full call number Accession Number Koha item type
      KAUAET KAUAET General Stacks 16/09/2025 658.0076 SHA/CO 26339 Books
free website counter